| 000 | 00435nam a2200157 4500 | ||
|---|---|---|---|
| 001 | 107655 | ||
| 003 | ES-MaACL | ||
| 005 | 20230906184450.0 | ||
| 007 | t| | ||
| 008 | 061121s1965 sp r ||||1| spa d | ||
| 100 | 1 |
_aMoreno, Alberto. _983262 |
|
| 245 | 1 | 0 |
_aMeditaciones sobre la sagrada Pasión / _cAlberto Moreno S.J. |
| 260 |
_aMadrid : _bRazón y fe, _c1965. |
||
| 300 |
_a254 p. ; _c18. |
||
| 852 |
_aES-MaACL _jC-29175 _bR.59671 |
||
| 999 |
_c107655 _d107655 |
||